| 000 | 01825cam a22004454i 4500 | ||
|---|---|---|---|
| 003 | PE-LiUPU | ||
| 005 | 20250731172926.0 | ||
| 008 | 170510s r 000 0 spa d | ||
| 035 | _a(Sirsi) a203956 | ||
| 040 |
_aPE-LiUPU _bspa _cPE-LiUPU _erda |
||
| 049 | _aPRUA | ||
| 082 | 0 | 4 |
_a248.4 _bC17 _220 |
| 100 | 1 |
_aCalvin, Jean, _eautor. |
|
| 245 | 1 | 4 |
_aThe mystery of godliness : _band other selected sermons / _cJohn Calvin. |
| 264 | 1 |
_aGrand Rapids, Michigan : _bW. B. Eerdmans, _c1950. |
|
| 300 |
_a212 pages ; _c22 centimeters |
||
| 336 |
_atext _2rdacontent |
||
| 337 |
_aunmediated _2rdamedia |
||
| 338 |
_avolume _2rdacarrier |
||
| 505 | 0 | _aThe mystery of godliness -- The call to witness -- The doctrine of election --Pure preaching of the word -- The word our only rude -- The sure foundation -- The salvation of all men -- Behavior in the church -- The proper use of scripture -- Vessels unto honor -- The character of the faithful -- The need of reproof -- The privilege of prayer -- The only mediator. | |
| 526 | _aSEG42 | ||
| 526 | _aSEG41 | ||
| 526 | _aSEG40 | ||
| 526 | _aSEG39 | ||
| 526 | _aP94 | ||
| 526 | _aP87 | ||
| 526 | _aP86 | ||
| 526 | _aP85 | ||
| 526 | _aP77 | ||
| 526 | _aP76 | ||
| 526 | _aP35 | ||
| 650 | 0 | 4 | _aSermones. |
| 910 |
_ajck _bncf _cncf _d20170510 |
||
| 942 |
_2ddc _cBOOK |
||
| 949 |
_a248.4 C17 _wDEWEY _c1 _i75763 _lCCODEBUL1 _mBUL _p12.99 _r0 _sY _tBOOK _u2017-05-10 _xPOSGRADO _zMA.TEOLOGIA _0DONACION _o.STAFF. Colección Teologia |
||
| 994 |
_aC0 _bPEPRU |
||
| 596 | _a1 | ||
| 999 |
_a248.4 C17 _wDEWEY _c20334 _i75763 _f2021-11-10 _g4 _lCCODEBUL1 _mBUL _p12.99 _r0 _sY _tBOOK _u2017-5-10 _xTEOLOGIA _PP85 _0DONACION _o.STAFF. Colección Teologia _d20334 |
||
| 980 |
_81 _gALBERTO SANCHEZ Responsable de Automatización |
||